Problemy isčislenija i planirovanija pribyli.
Nedostatky existujúcej metodiky výpočtu podnikového zisku. Nevyhnutnosť prechodu k reálnemu určovaniu zisku, zohľadňujúce nielen operatívne, ale všetky faktické náklady. Vzorec pre výpočet reálneho zisku. Metódy plánovania zisku.
Salvato in:
| Autore principale: | |
|---|---|
| Natura: | Capitolo di libro |
| Lingua: | russo |
| Soggetti: | |
| Tags: |
Nessun Tag, puoi essere il primo ad aggiungerne!!
|
MARC
| LEADER | 00000naa a2200000 4500 | ||
|---|---|---|---|
| 001 | r011847 | ||
| 005 | 20221130112901.5 | ||
| 041 | 0 | |a rus | |
| 044 | |a [SU] | ||
| 245 | 1 | 0 | |a Problemy isčislenija i planirovanija pribyli. |c V.P. Kodackij |
| 520 | |a Nedostatky existujúcej metodiky výpočtu podnikového zisku. Nevyhnutnosť prechodu k reálnemu určovaniu zisku, zohľadňujúce nielen operatívne, ale všetky faktické náklady. Vzorec pre výpočet reálneho zisku. Metódy plánovania zisku. | ||
| 610 | 2 | 0 | |a zisk podnikový |
| 610 | 2 | 0 | |a plánovanie podnikové |
| 610 | 2 | 0 | |a náklady |
| 100 | 1 | |a Kodackij, V.P: | |